Statistics for 10 Largest Great Lakes islands

Click here to take the quiz!

General Stats

  • This quiz has been taken 6 times
  • The average score is 3 of 10

Answer Stats

sqm Answer % Correct
1068Manitoulin
67%
134Drummond
67%
56Beaver
50%
209Royale
33%
141St Joseph
33%
71Michipicoten
17%
67.6Cockburn
17%
50Sugar
17%
48Wolfe
17%
106St Ignace
0%

Score Distribution

Percentile by Number Answered

Percent of People with Each Score

Your Score History

You have not taken this quiz